Statistics for 10 famous desserts

Click here to take the quiz!

General Stats

  • This quiz has been taken 142 times
  • The average score is 7 of 15

Answer Stats

HintAnswer% Correct
ice...ice cream
96%
apple...apple pie
95%
cheese ..cheesecake
87%
cook...cookies
76%
brown...brownies
75%
cup ...cupcakes
61%
peach ...peach pie
48%
sherb..sherbet
47%
short...shortbread
43%
cookie c...cookie cake
29%
ccchocolate cake
4%
candy...candy apples
2%
chocolate coverdchocolate coverd strawberrys
2%
macc...maccoroons
2%
strawberry..strawberry shorcake
0%

Score Distribution

Percentile by Number Answered

Percent of People with Each Score

Your Score History

You have not taken this quiz